Länder Amerikas - Sudden Death - Statistiken

Allgemein
  • Dieses Quiz wurde 2.328 mal gespielt
  • Das Durchschnittsergebnis liegt bei 14 aus 18
Answers on the Grid
Answers color-coded by a green-red scale on the quiz's grid according to % correct below.
Paraguay
Belize
Barbados
Sierra Leone
Eswatini
Ecuador
Mexiko
El Salvador
Nepal
Zypern
St. Lucia
Dominica
Jamaika
Kap Verde
Sambia
Suriname
Nicaragua
Argentinien
Marshallinseln
Myanmar
Uruguay
Guatemala
Haiti
Komoren
Simbabwe
Trinidad und Tobago
Peru
Grenada
Seychellen
San Marino
 
Antwortstatistiken
Antwort % Korrekt
Paraguay
95%
Mexiko
91%
Ecuador
87%
El Salvador
86%
Argentinien
85%
Jamaika
84%
Barbados
82%
Peru
82%
Uruguay
82%
Dominica
79%
Guatemala
79%
Belize
77%
Haiti
77%
Nicaragua
77%
St. Lucia
75%
Suriname
72%
Trinidad und Tobago
69%
Grenada
64%
Keine übereinstimmenden Quizze gefunden
Verteilung der Resultate
Anzahl Personen mit jedem Resultat
Perzentil nach korrekt beantworteten Fragen
Ihre Resultats-Entwicklung
Sie haben dieses Quiz noch nicht gespielt